Name the Color, Not the Word - Sudden Death - Statistics

General Stats
  • This quiz has been taken 9,768 times
  • The average score is 13 of 40
Answers on the Map
Answers color-coded by a green-red scale on the quiz's map according to % correct below.
 
Answer Stats
Answer % Correct
r/1
36%
g/4
34%
g/4
34%
g/4
34%
o/2
34%
p/6
34%
p/6
34%
p/6
34%
r/1
34%
y/3
34%
b/5
33%
b/5
33%
b/5
33%
b/5
33%
g/4
33%
g/4
33%
o/2
33%
o/2
33%
o/2
33%
p/6
33%
p/6
33%
r/1
33%
r/1
33%
r/1
33%
w/7
33%
w/7
33%
w/7
33%
w/7
33%
y/3
33%
y/3
33%
y/3
33%
b/5
32%
b/5
32%
b/5
32%
g/4
32%
g/4
32%
o/2
32%
o/2
32%
o/2
32%
p/6
32%
p/6
32%
r/1
32%
r/1
32%
w/7
32%
w/7
32%
w/7
32%
y/3
32%
y/3
32%
y/3
32%
No matching quizzes found
Score Distribution
Percent of People with Each Score
Percentile by Number Answered
Your Score History
You have not taken this quiz